[Event "CZE-chT2F 0910"]
[Site "Czech Republic"]
[Date "2010.03.14"]
[Round "9.7"]
[White "Brazina, David"]
[Black "Hradil, Karel"]
[Result "1/2-1/2"]
[WhiteElo "1936"]
[BlackElo "1865"]
[PlyCount "39"]
[EventDate "2009.10.18"]
[EventType "team-tourn"]
[EventRounds "11"]
[EventCountry "CZE"]
[SourceTitle "EXT 2012"]
[Source "ChessBase"]
[SourceDate "2011.11.24"]
[SourceVersion "1"]
[SourceVersionDate "2011.11.24"]
[SourceQuality "1"]
[WhiteTeam "Ostrava Mittal II"]
[BlackTeam "Vsetin"]
[WhiteTeamCountry "CZE"]
[BlackTeamCountry "CZE"]

1. e4 e6 2. d4 d5 3. Nd2 Nf6 4. e5 Nfd7 5. Bd3 c5 6. c3 Nc6 7. Ndf3 Qb6 8. Ne2 cxd4 9. cxd4 f6 10. exf6 Nxf6 11. 0-0 Bd6 12. b3 e5 13. dxe5 Nxe5 14. Nxe5 Bxe5 15. Be3 Qa5 16. Bd4 Bxd4 17. Nxd4 0-0 18. h3 Bd7 19. Re1 Rae8 20. a3 1/2-1/2

[Event "CZE-chT2F 0910"]
[Site "Czech Republic"]
[Date "2009.12.06"]
[Round "4.8"]
[White "Ludwig, Petr"]
[Black "Hradil, Karel"]
[Result "1/2-1/2"]
[WhiteElo "1991"]
[BlackElo "1865"]
[PlyCount "53"]
[EventDate "2009.10.18"]
[EventType "team-tourn"]
[EventRounds "11"]
[EventCountry "CZE"]
[SourceTitle "EXT 2012"]
[Source "ChessBase"]
[SourceDate "2011.11.24"]
[SourceVersion "1"]
[SourceVersionDate "2011.11.24"]
[SourceQuality "1"]
[WhiteTeam "Bruntal"]
[BlackTeam "Vsetin"]
[WhiteTeamCountry "CZE"]
[BlackTeamCountry "CZE"]

1. e4 e6 2. d4 d5 3. Nd2 Nf6 4. e5 Nfd7 5. Bd3 c5 6. c3 Nc6 7. Ne2 Qb6 8. Nf3 cxd4 9. cxd4 f6 10. exf6 Nxf6 11. 0-0 Bd6 12. Re1 0-0 13. Ng3 Bd7 14. Bg5 h6 15. Bxf6 Rxf6 16. Nh5 Rff8 17. Bg6 Ne7 18. Bc2 Be8 19. Ng3 Rc8 20. Rxe6 Qxb2 21. Bb3 Qa3 22. Re3 Qa5 23. Ne5 Qc7 24. Qg4 Bf7 25. Nh5 Bxh5 26. Qxh5 Rf5 27. Bxd5+ 1/2-1/2

[Event "CZE-chT2e 0405"]
[Site "Czech Republic"]
[Date "2005.01.16"]
[Round "6.8"]
[White "Axman, Oldrich"]
[Black "Hradil, Karel"]
[Result "1/2-1/2"]
[WhiteElo "1924"]
[BlackElo "1890"]
[PlyCount "24"]
[EventDate "2004.10.17"]
[EventType "team"]
[EventRounds "11"]
[EventCountry "CZE"]
[SourceTitle "EXT 2007"]
[Source "ChessBase"]
[SourceDate "2006.11.23"]
[SourceVersion "1"]
[SourceVersionDate "2006.11.23"]
[SourceQuality "1"]

1. d4 e6 2. e4 d5 3. Nd2 Nf6 4. exd5 exd5 5. Be2 Bd6 6. Ngf3 0-0 7. 0-0 Bf5 8. Ne5 Nbd7 9. f4 Ne4 10. Ndf3 Ndf6 11. Qe1 Re8 12. Qh4 Be7 1/2-1/2

[Event "Vsetin op"]
[Site "Vsetin"]
[Date "1997.??.??"]
[Round "?"]
[White "Hradil, Karel"]
[Black "Bystron, J."]
[Result "1/2-1/2"]
[WhiteElo "1880"]
[BlackElo "1930"]
[PlyCount "59"]
[EventDate "1997.??.??"]
[EventType "swiss"]
[EventRounds "9"]
[EventCountry "CZE"]
[SourceTitle "EXT 1998"]
[Source "ChessBase"]
[SourceDate "1997.11.17"]
[SourceVersion "1"]
[SourceVersionDate "1997.11.17"]
[SourceQuality "1"]

1. e4 c5 2. c3 d5 3. exd5 Qxd5 4. d4 Nf6 5. Nf3 Bg4 6. Be2 e6 7. 0-0 Nc6 8. h3 Bh5 9. Na3 a6 10. Nc2 Rd8 11. Be3 cxd4 12. Nfxd4 Bxe2 13. Qxe2 Nxd4 14. Bxd4 Be7 15. Rfd1 Qg5 16. Qf3 Qb5 17. b3 Qd5 18. Qxd5 Rxd5 19. c4 Rd8 20. Bb6 Rxd1+ 21. Rxd1 Nd7 22. Be3 Bf6 23. Kf1 Ke7 24. Ke2 Rc8 25. Bc1 b5 26. Ba3+ Ke8 27. Ne3 Be7 28. Bxe7 Kxe7 29. Rd2 Nb6 30. cxb5 1/2-1/2